A car sharing Magyarországon

Bibliographic Details
Main Author: Acsai Áron
Other Authors: Eckert Bálint
Tóth Zsámboki Judit
Format: Thesis
Kulcsszavak:Car sharing
Sharing Economy
autómegosztás
Online Access:http://dolgozattar.uni-bge.hu/22519

MARC

LEADER 00000nta a2200000 i 4500
001 dolg22519
005 20190516170027.0
008 190516suuuu hu om 000 hun d
040 |a BGE Dolgozattár Repozitórium  |b hun 
041 |a hu 
100 1 |a Acsai Áron 
245 1 2 |a A car sharing Magyarországon  |c Acsai Áron  |h [elektronikus dokumentum] 
246 1 1 |a A car sharing Magyarországon 
246 1 1 |a Car sharing in Hungary 
695 |a Car sharing 
695 |a Sharing Economy 
695 |a autómegosztás 
700 1 |a Eckert Bálint  |e ths 
700 1 |a Tóth Zsámboki Judit  |e ths 
856 4 0 |u http://dolgozattar.uni-bge.hu/22519/1/A%20car%20sharing%20Magyarorsz%C3%A1gon.pdf  |z Dokumentum-elérés